[Event "GRE-ch U16 Girls"]
[Site "Peristeri"]
[Date "2023.07.06"]
[Round "5"]
[White "Athanasiou, Soumela"]
[Black "Kavakopoulou, Ioulia Anastasia"]
[Result "1-0"]
[WhiteElo "1618"]
[BlackElo "1448"]
[PlyCount "55"]
[EventDate "2023.07.03"]
[EventType "swiss"]
[EventRounds "9"]
[EventCountry "GRE"]
[SourceTitle "EXT 2024"]
[Source "ChessBase"]
[SourceDate "2023.10.10"]
[SourceVersion "1"]
[SourceVersionDate "2023.10.10"]
[SourceQuality "1"]

1. d4 d5 2. c4 c6 3. cxd5 cxd5 4. Nc3 Nf6 5. Nf3 Nc6 6. Bf4 a6 7. Ne5 e6 8. e3 Qb6 9. a3 Nxe5 10. Bxe5 Nd7 11. Bg3 Qd8 12. Bd3 Be7 13. 0-0 0-0 14. Qc2 Nf6 15. Na4 Bd7 16. Nc5 Bxc5 17. dxc5 b5 18. c6 Bc8 19. Qc5 Ne8 20. a4 bxa4 21. Rxa4 f6 22. c7 Qd7 23. Bb5 Qf7 24. Bc6 Nxc7 25. Bxa8 Nxa8 26. Rc1 Qd7 27. Rb4 Bb7 28. Qa7 1-0

[Event "GRE-ch U16 Girls"]
[Site "Peristeri"]
[Date "2023.07.03"]
[Round "1"]
[White "Athanasiou, Soumela"]
[Black "Skaraki, Georgia"]
[Result "1-0"]
[WhiteElo "1618"]
[BlackElo "1293"]
[PlyCount "117"]
[EventDate "2023.07.03"]
[EventType "swiss"]
[EventRounds "9"]
[EventCountry "GRE"]
[SourceTitle "EXT 2024"]
[Source "ChessBase"]
[SourceDate "2023.10.10"]
[SourceVersion "1"]
[SourceVersionDate "2023.10.10"]
[SourceQuality "1"]

1. d4 d5 2. c4 e6 3. Nc3 Nf6 4. cxd5 exd5 5. Bg5 Be7 6. e3 c6 7. Bd3 Be6 8. Nge2 h6 9. Bh4 Qc8 10. Rc1 0-0 11. Nf4 Rd8 12. 0-0 Qd7 13. Qc2 Re8 14. Nxe6 Qxe6 15. Bf5 Qd6 16. Bg3 Qb4 17. a3 Qb6 18. Na4 Qd8 19. Qb3 b6 20. Bxb8 Rxb8 21. Rxc6 Bf8 22. Rfc1 Re7 23. Qc2 Ra8 24. Rc8 Rxc8 25. Qxc8 Qxc8 26. Rxc8 Re8 27. Rxe8 Nxe8 28. Bd7 Nc7 29. Nc3 Bd6 30. Bc6 Kf8 31. Bxd5 Nxd5 32. Nxd5 Ke8 33. Kf1 Kd7 34. Ke2 Ke6 35. Nf4+ Bxf4 36. exf4 Kd5 37. Kd3 f5 38. f3 h5 39. g3 g6 40. Kc3 a6 41. a4 b5 42. axb5 axb5 43. Kb4 Kxd4 44. Kxb5 Ke3 45. b4 Kxf3 46. Kc5 Kg2 47. b5 Kxh2 48. b6 Kxg3 49. b7 Kxf4 50. b8Q+ Kg4 51. Qh2 h4 52. Kd4 h3 53. Ke5 g5 54. Qg1+ Kf3 55. Kxf5 h2 56. Qxh2 g4 57. Qh1+ Kg3 58. Qg1+ Kf3 59. Qxg4+ 1-0

[Event "GRE-ch U18 Girls"]
[Site "Kavala"]
[Date "2022.04.26"]
[Round "1"]
[White "Athanasiou, Soumela"]
[Black "Lagogianni, Niki Vasiliki"]
[Result "1/2-1/2"]
[WhiteElo "1451"]
[BlackElo "1219"]
[PlyCount "60"]
[EventDate "2022.04.26"]
[EventType "swiss"]
[EventRounds "9"]
[EventCountry "GRE"]
[SourceTitle "CBM 208 Extra"]
[Source "ChessBase"]
[SourceDate "2022.07.31"]
[SourceVersion "1"]
[SourceVersionDate "2022.07.31"]
[SourceQuality "1"]

1. c4 Nf6 2. Nc3 g6 3. g3 Bg7 4. Bg2 0-0 5. Nf3 d6 6. 0-0 Nbd7 7. d3 c5 8. Rb1 Rb8 9. a3 b6 10. Qa4 a6 11. b4 Bb7 12. Bd2 Qc8 13. Rfe1 Bc6 14. Qc2 Bb7 15. bxc5 bxc5 16. e4 Bc6 17. Nd5 Re8 18. Rxb8 Qxb8 19. Rb1 Qc8 20. Ba5 e6 21. Ne3 Qa8 22. Nd2 Rb8 23. Bc7 Rxb1+ 24. Qxb1 Ne8 25. Ba5 Qc8 26. Qc2 Qb7 27. Nf3 Qb2 28. Qxb2 Bxb2 29. Nc2 Ba4 30. Nfe1 Ne5 1/2-1/2

[Event "GRE-ch U20 Girls"]
[Site "Trikala"]
[Date "2021.08.24"]
[Round "2"]
[White "Athanasiou, Soumela"]
[Black "Apostolakaki, Evangelia"]
[Result "0-1"]
[WhiteElo "1358"]
[BlackElo "1626"]
[PlyCount "78"]
[EventDate "2021.08.23"]
[EventType "swiss"]
[EventRounds "9"]
[EventCountry "GRE"]
[SourceTitle "EXT 2022"]
[Source "ChessBase"]
[SourceDate "2021.10.06"]
[SourceVersion "1"]
[SourceVersionDate "2021.10.06"]
[SourceQuality "1"]

1. c4 e5 2. g3 Nf6 3. Bg2 d5 4. cxd5 Nxd5 5. Nc3 Nb6 6. Nf3 Nc6 7. 0-0 Be7 8. a3 0-0 9. b4 Re8 10. b5 Nd4 11. Bb2 Nc4 12. Bc1 a6 13. d3 Nb6 14. bxa6 Rxa6 15. Bb2 Bf8 16. Nxd4 exd4 17. Nb5 Na4 18. Bxd4 c6 19. Be3 cxb5 20. Qb3 Bc5 21. Bxc5 Nxc5 22. Qxb5 Ra5 23. Qb2 Na4 24. Qc2 Qe7 25. e3 Be6 26. Rfb1 b6 27. Rb4 Rc8 28. Qb1 Qc5 29. d4 Qh5 30. d5 Nc3 31. Qd3 Bxd5 32. Rxb6 Bxg2 33. Kxg2 Qe5 34. Qd7 Qe4+ 35. Kg1 Rac5 36. Rd6 h6 37. Rd2 Qf3 38. Re1 Ne4 39. Rb2 Rc1 0-1

[Event "EU-ch Amateur Online 1700/2000"]
[Site "Tornelo INT"]
[Date "2021.04.24"]
[Round "6"]
[White "Athanasiou, Soumela"]
[Black "Artamonov, Roman V"]
[Result "0-1"]
[WhiteElo "1340"]
[BlackElo "1792"]
[PlyCount "62"]
[EventDate "2021.04.24"]
[EventType "swiss (rapid)"]
[EventRounds "8"]
[EventCountry "NET"]
[SourceTitle "EXT 2023"]
[Source "ChessBase"]
[SourceDate "2022.10.05"]
[SourceVersion "1"]
[SourceVersionDate "2022.10.05"]
[SourceQuality "1"]

1. c4 c6 2. d4 d5 3. Nc3 e5 4. cxd5 cxd5 5. e3 exd4 6. exd4 Nf6 7. Nf3 Be7 8. Be2 0-0 9. 0-0 Nc6 10. Be3 a6 11. Qd2 Re8 12. Ne5 Bd7 13. Bg5 Be6 14. f4 Qb6 15. Rad1 Rad8 16. Rf3 Nxd4 17. Rf2 Nxe2+ 18. Nxe2 Ne4 19. Qe1 Nxf2 20. Qxf2 Qxf2+ 21. Kxf2 f6 22. Nd4 Bc8 23. Nef3 fxg5 24. fxg5 Bc5 25. Kg3 Re4 26. Nb3 Bd6+ 27. Kf2 Be6 28. Nbd4 Bc5 29. Kg3 Rg4+ 30. Kf2 Rf8 31. h3 Rxd4 0-1

[Event "EU-ch Amateur Online 1700/2000"]
[Site "Tornelo INT"]
[Date "2021.04.24"]
[Round "1"]
[White "Broderick, Tamas"]
[Black "Athanasiou, Soumela"]
[Result "1-0"]
[WhiteElo "1822"]
[BlackElo "1340"]
[PlyCount "79"]
[EventDate "2021.04.24"]
[EventType "swiss (rapid)"]
[EventRounds "8"]
[EventCountry "NET"]
[SourceTitle "EXT 2023"]
[Source "ChessBase"]
[SourceDate "2022.10.05"]
[SourceVersion "1"]
[SourceVersionDate "2022.10.05"]
[SourceQuality "1"]

1. d4 d5 2. c4 e6 3. Nf3 a6 4. g3 dxc4 5. Bg2 Nf6 6. Qc2 Bd6 7. 0-0 0-0 8. Qxc4 b5 9. Qc2 Bb7 10. Bg5 Nbd7 11. Nbd2 h6 12. Bf4 Bxf4 13. gxf4 Nd5 14. e3 Rc8 15. Nb3 Qe7 16. Ne5 Nxe5 17. fxe5 Nb4 18. Qc5 Qg5 19. e4 Bxe4 20. f3 Nd3 21. Qc3 Qe3+ 22. Kh1 Bg6 23. Bh3 Nf2+ 24. Kg2 Qxc3 25. bxc3 Nxh3 26. Kxh3 Bf5+ 27. Kg2 Bd3 28. Rf2 Rfd8 29. Nc5 a5 30. Nxd3 Rd5 31. Nf4 Rdd8 32. Rb1 Rb8 33. Rfb2 c5 34. Rxb5 Rxb5 35. Rxb5 cxd4 36. cxd4 Rxd4 37. Kg3 g5 38. Nh5 Kh7 39. Nf6+ Kg6 40. Rxa5 1-0

[Event "EU-ch Amateur Online 1700/2000"]
[Site "Tornelo INT"]
[Date "2021.04.24"]
[Round "5"]
[White "Savicevs, Arsenijs"]
[Black "Athanasiou, Soumela"]
[Result "0-1"]
[WhiteElo "1689"]
[BlackElo "1340"]
[PlyCount "78"]
[EventDate "2021.04.24"]
[EventType "swiss (rapid)"]
[EventRounds "8"]
[EventCountry "NET"]
[SourceTitle "EXT 2023"]
[Source "ChessBase"]
[SourceDate "2022.10.05"]
[SourceVersion "1"]
[SourceVersionDate "2022.10.05"]
[SourceQuality "1"]

1. e4 c6 2. d4 d5 3. Nc3 dxe4 4. Nxe4 Bf5 5. Ng3 Bg6 6. Nf3 Nd7 7. Be2 Ngf6 8. Bg5 e6 9. 0-0 Be7 10. Rc1 h6 11. Be3 0-0 12. Bd3 Bxd3 13. Qxd3 Nd5 14. c4 Nxe3 15. fxe3 Nf6 16. Ne5 c5 17. Rf2 Bd6 18. Qe2 Qc7 19. Rcf1 Bxe5 20. dxe5 Qxe5 21. e4 h5 22. Rxf6 gxf6 23. Nxh5 f5 24. Rf3 Qd4+ 25. Kh1 Rfd8 26. Rg3+ Kf8 27. h4 Qd1+ 28. Qxd1 Rxd1+ 29. Kh2 fxe4 30. Nf6 Ke7 31. Nxe4 Rh8 32. Rh3 Rd4 33. Nxc5 Rdxh4 34. Nxb7 Rxh3+ 35. gxh3 e5 36. Na5 Kd6 37. Kg3 f5 38. a3 e4 39. Kf4 Rxh3 0-1

[Event "EU-ch Amateur Online 1400/1700"]
[Site "Tornelo INT"]
[Date "2021.04.17"]
[Round "7"]
[White "Athanasiou, Soumela"]
[Black "Shahaj, Arjan"]
[Result "1-0"]
[WhiteElo "1340"]
[BlackElo "1575"]
[PlyCount "71"]
[EventDate "2021.04.17"]
[EventType "swiss (rapid)"]
[EventRounds "8"]
[EventCountry "NET"]
[SourceTitle "EXT 2023"]
[Source "ChessBase"]
[SourceDate "2022.10.05"]
[SourceVersion "1"]
[SourceVersionDate "2022.10.05"]
[SourceQuality "1"]

1. c4 e5 2. g3 d6 3. Bg2 Nc6 4. e3 Nf6 5. d4 exd4 6. exd4 Be7 7. Nf3 0-0 8. 0-0 d5 9. b3 Bg4 10. Bb2 Nb4 11. a3 Na6 12. Qd3 c6 13. Ne5 Bh5 14. Nd2 Nc7 15. Rfe1 Bd6 16. h3 Re8 17. f4 Nd7 18. g4 Nxe5 19. dxe5 Bc5+ 20. Kh2 Qh4 21. Qg3 Qxg3+ 22. Kxg3 Bg6 23. f5 h6 24. fxg6 fxg6 25. cxd5 Nxd5 26. Ne4 Bb6 27. Nd6 Re7 28. Bxd5+ cxd5 29. Rad1 Rf8 30. Rf1 Rxf1 31. Rxf1 d4 32. Nc4 Bc7 33. Bxd4 b5 34. Nd6 a6 35. Rc1 Rd7 36. Rc6 1-0

[Event "EU-ch Amateur Online 1400/1700"]
[Site "Tornelo INT"]
[Date "2021.04.17"]
[Round "4"]
[White "Domovic, Ognjen"]
[Black "Athanasiou, Soumela"]
[Result "1-0"]
[WhiteElo "1645"]
[BlackElo "1340"]
[PlyCount "143"]
[EventDate "2021.04.17"]
[EventType "swiss (rapid)"]
[EventRounds "8"]
[EventCountry "NET"]
[SourceTitle "EXT 2023"]
[Source "ChessBase"]
[SourceDate "2022.10.05"]
[SourceVersion "1"]
[SourceVersionDate "2022.10.05"]
[SourceQuality "1"]

1. e4 c6 2. d4 d5 3. exd5 cxd5 4. Nf3 Nf6 5. Bd3 Bg4 6. c3 Nc6 7. Nbd2 e6 8. 0-0 Bd6 9. h3 Bh5 10. Re1 Qc7 11. Nf1 0-0 12. a4 Na5 13. Bg5 Nd7 14. Bh4 Nc4 15. Rb1 Bg6 16. Bxg6 hxg6 17. Bg3 Nf6 18. Bxd6 Qxd6 19. N3d2 Rac8 20. Nf3 Ne4 21. N3d2 Nexd2 22. Nxd2 Qf4 23. Nf3 Rfe8 24. Ne5 Nd6 25. a5 Ne4 26. Qe2 Qg5 27. Nd3 Kf8 28. Nb4 Ke7 29. a6 b6 30. Qb5 Nd6 31. Qxd5 Qxd5 32. Nxd5+ Kd7 33. Nb4 Rh8 34. Re3 Rh5 35. Rf3 f6 36. Rg3 g5 37. Re3 Nc4 38. Re2 Rh4 39. d5 exd5 40. Nxd5 Ne5 41. Rd1 Ke6 42. Kh2 g4 43. Kg3 Rch8 44. Re4 f5 45. Nf4+ Kf6 46. Rd6+ Ke7 47. Re6+ Kd7 48. R4xe5 gxh3 49. gxh3 R4h6 50. Rd5+ Kc7 51. Rxh6 Rxh6 52. Rxf5 Rf6 53. Kf3 Rxf5 54. Ke4 Rf7 55. Ke5 Kd7 56. h4 Re7+ 57. Kd4 Rf7 58. Ke4 Re7+ 59. Kd4 Re2 60. Nxe2 Ke6 61. Ng3 Kf6 62. Ke4 Kg6 63. h5+ Kg5 64. b4 Kg4 65. c4 Kg5 66. c5 bxc5 67. bxc5 Kf6 68. Kd5 Ke7 69. c6 Kd8 70. Kd6 g6 71. h6 Kc8 72. h7 1-0

[Event "EU-ch Amateur Online 1400/1700"]
[Site "Tornelo INT"]
[Date "2021.04.17"]
[Round "2"]
[White "Kovacs, Kristof"]
[Black "Athanasiou, Soumela"]
[Result "1-0"]
[WhiteElo "1600"]
[BlackElo "1340"]
[PlyCount "103"]
[EventDate "2021.04.17"]
[EventType "swiss (rapid)"]
[EventRounds "8"]
[EventCountry "NET"]
[SourceTitle "EXT 2023"]
[Source "ChessBase"]
[SourceDate "2022.10.05"]
[SourceVersion "1"]
[SourceVersionDate "2022.10.05"]
[SourceQuality "1"]

1. e4 c6 2. d4 d5 3. Nc3 dxe4 4. Nxe4 Bf5 5. Ng3 Bg6 6. Nf3 Nf6 7. h4 h6 8. h5 Bh7 9. Bd3 Bxd3 10. Qxd3 e6 11. Bf4 Nbd7 12. 0-0-0 Qb6 13. Rhe1 Nd5 14. Bd2 0-0-0 15. Ne4 N7f6 16. Nxf6 Nxf6 17. Qb3 Qxb3 18. axb3 Nxh5 19. c3 Bd6 20. Ne5 Rhf8 21. Kc2 Nf6 22. Ra1 a6 23. Nc4 Bc7 24. f3 Nd5 25. Ne5 Nb6 26. f4 Nd7 27. g4 Nxe5 28. fxe5 f6 29. exf6 Rxf6 30. Re2 Rg6 31. g5 h5 32. Rae1 Kd7 33. c4 Ke7 34. Bb4+ Bd6 35. Bd2 h4 36. d5 cxd5 37. cxd5 Bg3 38. Rxe6+ Rxe6 39. Rxe6+ Kf7 40. g6+ Kg8 41. Bg5 Rf8 42. Re3 Bf2 43. Rh3 Bg3 44. Bxh4 Bxh4 45. Rxh4 Rd8 46. Rd4 Kf8 47. d6 Ke8 48. Kd3 Kd7 49. Ke4 Ke6 50. d7 Kf6 51. Rd6+ Ke7 52. Ke5 1-0

[Event "GRE-chT Online Rapid (Women) 1st"]
[Site "Tornelo INT"]
[Date "2021.02.21"]
[Round "7.2"]
[White "Kapia, Aggeliki"]
[Black "Athanasiou, Soumela"]
[Result "1/2-1/2"]
[WhiteElo "1310"]
[BlackElo "1340"]
[PlyCount "82"]
[EventDate "2021.02.20"]
[EventType "team-swiss (rapid)"]
[EventRounds "9"]
[EventCountry "GRE"]
[SourceTitle "EXT 2023"]
[Source "ChessBase"]
[SourceDate "2022.10.05"]
[SourceVersion "1"]
[SourceVersionDate "2022.10.05"]
[SourceQuality "1"]

1. d4 d5 2. Nf3 Nf6 3. e3 e6 4. Bd3 c5 5. b3 Nc6 6. 0-0 Be7 7. Bb2 0-0 8. Nbd2 a6 9. c4 dxc4 10. bxc4 cxd4 11. exd4 b6 12. a3 Bb7 13. Qe2 Qd7 14. Ne5 Nxe5 15. dxe5 Qc6 16. Nf3 Nd7 17. Rfe1 Nc5 18. Bc2 Rac8 19. Rad1 Rfd8 20. Rd4 Rxd4 21. Bxd4 Rd8 22. Bxc5 Qxc5 23. a4 Bxf3 24. gxf3 g6 25. Rd1 Rxd1+ 26. Bxd1 Bg5 27. Qe4 Kg7 28. h4 Bd8 29. h5 Qe7 30. Qg4 Qd7 31. f4 Qd2 32. hxg6 hxg6 33. Kg2 Qd4 34. Bb3 Bc7 35. Qf3 Bd8 36. Kg1 Be7 37. Kg2 Bc5 38. Kg1 Qd2 39. Kg2 Qd4 40. Kg1 Qd2 41. Kg2 Qd4 1/2-1/2